Raising awareness of orolingual angioedema as a complication of thrombolysis in acute stroke patients

Saved in:
Bibliographic Details
Main Authors: Ottomeyer, Caroline (Author) , Hennerici, Michael G. (Author) , Szabo, Kristina (Author)
Format: Article (Journal)
Language:English
Published: [2009]
In: Cerebrovascular diseases
Year: 2009, Volume: 27, Issue: 3, Pages: 307-308
ISSN:1421-9786
DOI:10.1159/000201558
Online Access:Verlag, lizenzpflichtig, Volltext: https://doi.org/10.1159/000201558
Verlag, lizenzpflichtig, Volltext: https://www.karger.com/Article/FullText/201558
Get full text
Author Notes:Caroline Ottomeyer, Michael G. Hennerici, Kristina Szabo

MARC

LEADER 00000caa a2200000 c 4500
001 1751603350
003 DE-627
005 20220819140013.0
007 cr uuu---uuuuu
008 210317s2009 xx |||||o 00| ||eng c
024 7 |a 10.1159/000201558  |2 doi 
035 |a (DE-627)1751603350 
035 |a (DE-599)KXP1751603350 
035 |a (OCoLC)1341399024 
040 |a DE-627  |b ger  |c DE-627  |e rda 
041 |a eng 
084 |a 33  |2 sdnb 
100 1 |a Ottomeyer, Caroline  |d 1978-  |e VerfasserIn  |0 (DE-588)130603740  |0 (DE-627)504636324  |0 (DE-576)250246570  |4 aut 
245 1 0 |a Raising awareness of orolingual angioedema as a complication of thrombolysis in acute stroke patients  |c Caroline Ottomeyer, Michael G. Hennerici, Kristina Szabo 
264 1 |c [2009] 
300 |a 2 
336 |a Text  |b txt  |2 rdacontent 
337 |a Computermedien  |b c  |2 rdamedia 
338 |a Online-Ressource  |b cr  |2 rdacarrier 
500 |a Gesehen am 17.03.2021 
700 1 |a Hennerici, Michael G.  |d 1948-  |e VerfasserIn  |0 (DE-588)11587545X  |0 (DE-627)077527704  |0 (DE-576)290126444  |4 aut 
700 1 |a Szabo, Kristina  |d 1970-  |e VerfasserIn  |0 (DE-588)120354993  |0 (DE-627)696594749  |0 (DE-576)292174942  |4 aut 
773 0 8 |i Enthalten in  |t Cerebrovascular diseases  |d Basel : Karger, 1991  |g 27(2009), 3, Seite 307-308  |h Online-Ressource  |w (DE-627)300189834  |w (DE-600)1482069-9  |w (DE-576)097267651  |x 1421-9786  |7 nnas  |a Raising awareness of orolingual angioedema as a complication of thrombolysis in acute stroke patients 
773 1 8 |g volume:27  |g year:2009  |g number:3  |g pages:307-308  |g extent:2  |a Raising awareness of orolingual angioedema as a complication of thrombolysis in acute stroke patients 
856 4 0 |u https://doi.org/10.1159/000201558  |x Verlag  |x Resolving-System  |z lizenzpflichtig  |3 Volltext 
856 4 0 |u https://www.karger.com/Article/FullText/201558  |x Verlag  |z lizenzpflichtig  |3 Volltext 
951 |a AR 
992 |a 20210317 
993 |a Article 
994 |a 2009 
998 |g 120354993  |a Szabo, Kristina  |m 120354993:Szabo, Kristina  |d 60000  |e 60000PS120354993  |k 0/60000/  |p 3  |y j 
998 |g 11587545X  |a Hennerici, Michael G.  |m 11587545X:Hennerici, Michael G.  |d 60000  |d 62700  |e 60000PH11587545X  |e 62700PH11587545X  |k 0/60000/  |k 1/60000/62700/  |p 2 
998 |g 130603740  |a Ottomeyer, Caroline  |m 130603740:Ottomeyer, Caroline  |d 60000  |d 62700  |e 60000PO130603740  |e 62700PO130603740  |k 0/60000/  |k 1/60000/62700/  |p 1  |x j 
999 |a KXP-PPN1751603350  |e 3890038743 
BIB |a Y 
SER |a journal 
JSO |a {"id":{"eki":["1751603350"],"doi":["10.1159/000201558"]},"physDesc":[{"extent":"2 S."}],"person":[{"given":"Caroline","family":"Ottomeyer","role":"aut","display":"Ottomeyer, Caroline"},{"family":"Hennerici","given":"Michael G.","display":"Hennerici, Michael G.","role":"aut"},{"display":"Szabo, Kristina","role":"aut","family":"Szabo","given":"Kristina"}],"origin":[{"dateIssuedKey":"2009","dateIssuedDisp":"[2009]"}],"recId":"1751603350","language":["eng"],"type":{"media":"Online-Ressource","bibl":"article-journal"},"title":[{"title_sort":"Raising awareness of orolingual angioedema as a complication of thrombolysis in acute stroke patients","title":"Raising awareness of orolingual angioedema as a complication of thrombolysis in acute stroke patients"}],"note":["Gesehen am 17.03.2021"],"relHost":[{"note":["Gesehen am 08.01.2019","Ungezählte Beil.: Supplement"],"recId":"300189834","origin":[{"publisherPlace":"Basel","dateIssuedDisp":"1991-","dateIssuedKey":"1991","publisher":"Karger"}],"title":[{"title":"Cerebrovascular diseases","title_sort":"Cerebrovascular diseases"}],"disp":"Raising awareness of orolingual angioedema as a complication of thrombolysis in acute stroke patientsCerebrovascular diseases","pubHistory":["1.1991 -"],"language":["eng"],"id":{"zdb":["1482069-9"],"eki":["300189834"],"issn":["1421-9786"]},"physDesc":[{"extent":"Online-Ressource"}],"type":{"media":"Online-Ressource","bibl":"periodical"},"part":{"pages":"307-308","year":"2009","issue":"3","extent":"2","text":"27(2009), 3, Seite 307-308","volume":"27"}}],"name":{"displayForm":["Caroline Ottomeyer, Michael G. Hennerici, Kristina Szabo"]}} 
SRT |a OTTOMEYERCRAISINGAWA2009